| 000 | 00593nam a2200205 a 4500 | ||
|---|---|---|---|
| 001 | 63290 | ||
| 003 | BD-RjUL | ||
| 005 | 20211209081158.0 | ||
| 008 | 170129s1948 nyua|||| b||| 001 0 eng d | ||
| 035 | _a(BD-RjUL)63419 | ||
| 040 |
_aBD-RjUL _beng _cBD-RjUL |
||
| 041 | _aeng | ||
| 082 |
_223 _a658.56 _bPRO 1948 |
||
| 245 |
_aProduction control / _cLawrence L. Bethel et all... |
||
| 260 |
_aNew York : _bMcgraw Hill Book Company, _cc1948. |
||
| 300 |
_axiii, 289 p. : _bill. ; _c23 cm. |
||
| 504 | _aIncludes bibliography & index | ||
| 650 |
_a Production control _9182600 |
||
| 942 |
_2ddc _cBK |
||
| 999 |
_c63290 _d63290 |
||